Quản trị học đại cương

Đã lưu trong:
书目详细资料
主要作者: Phan, Thị Ngọc Thuận
格式: 图书
语言:Undetermined
出版: Hà Nội Khoa học và Kỹ thuật 2004
主题:
标签: 添加标签
没有标签, 成为第一个标记此记录!
Thư viện lưu trữ: Trung tâm Học liệu Trường Đại học Cần Thơ
LEADER 00572nam a2200193Ia 4500
001 CTU_64182
008 210402s9999 xx 000 0 und d
020 |b 12000 
082 |a 658 
082 |b Th502 
100 |a Phan, Thị Ngọc Thuận 
245 0 |a Quản trị học đại cương 
245 0 |c Phan Thị Ngọc Thuận 
260 |a Hà Nội 
260 |b Khoa học và Kỹ thuật 
260 |c 2004 
650 |a Management science 
904 |i Tuyến, Mấy Năm (sửa) 
980 |a Trung tâm Học liệu Trường Đại học Cần Thơ